000 00316nam a2200133 i 4500
001 bg
100 1 _aPIEŃKOWSKI, Kazimierz
245 0 _aMechanika płynów. /
_cKazimierz Pieńkowski.
260 _aBiałystok,
_c1989.
040 _cBPK
041 _apol
942 _cKS
008 s pl f |000 0 pol
999 _c4017
_d4017
856 _uhttp://koha.tu.koszalin.pl/cgi-bin/koha/opac-detail.pl?biblionumber=4017
_yKatalog online BPK